| 000 | 00574nam a2200229 a 4500 | ||
|---|---|---|---|
| 001 | 0001-1369 | ||
| 003 | ELIB.Books | ||
| 008 | 160712 2010 eng | ||
| 020 | _a0817012516 (pbk.:alk.paper) | ||
| 035 | _a(ELIB.Books)0001-1524 | ||
| 092 |
_a248.32 _bSmi |
||
| 100 | _aSmith, Alfred J. | ||
| 245 | _aNo Other Help I Know | ||
| 260 |
_aValley Forge _bJudson Press _c1996 |
||
| 300 |
_a100 _c21.5 Cm |
||
| 650 | _aPrayer/ Sermons | ||
| 856 |
_nKBTS Library _uElib |
||
| 942 |
_2ddc _cBK |
||
| 990 | _a1 | ||
| 998 |
_cbat _e2016-07-12 |
||
| 999 |
_c11369 _d11369 |
||